MDQL
is popping MORE tags! Check the
thread
!
Quizzes
Events
Quiz Creation
Community
Videos
Private Events
Remove Ads
Sign In
Join for FREE
Feedback
Dark Mode
Quiz Categories
Sports
Geography
Music
Movies
Television
Just For Fun
Miscellaneous
History
Literature
Language
Science
Gaming
Entertainment
Religion
Holiday
For Kids
Quiz Lab
Recent
Popular Today
Quiz Kudos Today
Editor Picks
Curator Picks
Quizzes by...
Day
Popularity
Type
Ratings
Length
Year
Community
Subscriptions
Recent Discussions
Orange Saloon
Badges
Playlists
Quests
Create
Leaderboards
Showdown
Live 5
Trivia Bingo
Activity
Puzzle Library
Sporcle Events
Private Events
Virtual Trivia
Globe League
Become a Host
Pub Owners
SporcleCon
Opinionation
Our Games
Videos
Blog
Mobile Apps
Partnerships
Remove Ads and Go Orange
Feedback
Music
Pop Music
The Beatles
Song
Album
Lyrics
Bands
Singers
Artist
Clip
Rock
Rap
Classical
Billboard
Country Music
Kpop
Taylor Swift
Music
Pop Music
The Beatles
Song
Album
Lyrics
Bands
Singers
Artist
Clip
Rock
Rap
Classical
Billboard
Country Music
Kpop
Taylor Swift
Random Quiz
Search Sporcle
×
Quiz Lab
Quiz Lab
Music
hair
Type in answers that appear in a list
Type in answers that appear in a list
Classic
Best Score? Go Orange.
Guess the Lyrics Hair Metal Edition Stats
Can you name the lyrics to this classic hair metal hit of the 80's (first 2 verses)?
By
Allday221
7m
164 Questions
548 Plays
548 Plays
548 Plays
Comments
Comments
Give Quiz Kudos
Give Quiz Kudos
-
- Ratings
hide this ad
Replay
Link that replays current quiz
Next Quiz
Link to next quiz in quiz playlist
You Got
0%
They Got
Avg Score
48%
Avg Friend Score
Upgrade to see
Score Distribution
Jump to the score distribution portion of the page
Score
0/164
Timer
07:00
0
Plays Today
Lyrics
% Correct
i
96.2%
i
96.2%
i
96.2%
i
96.2%
i
96.2%
i
96.2%
i
96.2%
i
96.2%
i
96.2%
i
96.2%
the
94.3%
the
94.3%
the
94.3%
the
94.3%
a
94.3%
and
94.3%
and
94.3%
you
81.2%
you
81.2%
to
72.3%
to
72.3%
We
70.8%
we
70.8%
we
70.8%
he
69.2%
he
69.2%
it
67.7%
it
67.7%
in
64.6%
of
60.6%
of
60.6%
go
58.2%
be
56.9%
that
56.6%
on
56.4%
night
56%
night
56%
night
56%
like
55.8%
like
55.8%
like
55.8%
like
55.8%
like
55.8%
my
52.9%
its
50.5%
its
50.5%
its
50.5%
its
50.5%
its
50.5%
its
50.5%
just
49.1%
just
49.1%
just
49.1%
just
49.1%
was
48.9%
Lyrics
% Correct
not
48.4%
not
48.4%
has
47.6%
has
47.6%
has
47.6%
has
47.6%
has
47.6%
has
47.6%
has
47.6%
ever
47.4%
why
46.9%
they
46.2%
know
46.2%
know
46.2%
know
46.2%
every
44.3%
every
44.3%
every
44.3%
this
44.3%
every
44.3%
every
44.3%
every
44.3%
every
44.3%
every
44.3%
say
43.4%
say
43.4%
still
43.2%
did
42.7%
did
42.7%
song
42.2%
song
42.2%
song
42.2%
come
42%
come
42%
if
41.8%
or
41.6%
his
41.4%
his
41.4%
said
40.9%
thorn
40.9%
thorn
40.9%
have
40.9%
thorn
40.9%
thorn
40.9%
rose
40.7%
rose
40.7%
rose
40.7%
rose
40.7%
out
40.3%
dawn
38.9%
dawn
38.9%
feel
38.5%
but
38.5%
sad
38.5%
sad
38.5%
Lyrics
% Correct
but
38.5%
sad
38.5%
sad
38.5%
right
38.3%
right
38.3%
cowboy
38.1%
cowboy
38.1%
sings
37.4%
sings
37.4%
could
36.9%
dead
36.7%
does
36.1%
does
36.1%
both
35.8%
both
35.8%
lie
35.2%
lie
35.2%
now
34.9%
something
34.3%
something
34.3%
together
34.3%
words
33.9%
here
33.8%
hear
32.5%
hurt
32.3%
yeah
31.6%
that's
31.4%
inside
31.2%
close
31%
apart
31%
miles
30.7%
though
30.5%
though
30.5%
guess
30.3%
guess
30.3%
tried
29.9%
tried
29.9%
our
29.9%
let
26.8%
felt
26.1%
love's
25.4%
silently
25.2%
radio
24.6%
wonder
23.2%
although
22.6%
game
22.6%
you'd
22.6%
easy
22.1%
easy
22.1%
dj
21.9%
listen
20.6%
playing
20.4%
favorite
18.6%
somehow
16.8%
Quiz Playlist
Details
Report
Send in Message
Add To Playlist
Classic:
Type in answers that appear in a list
Last Updated: Feb 16, 2017
Quiz Scoreboard
CHALLENGE
Sign Up to Join the Scoreboard
Show All
Scores
Hide
Comments
May contain spoilers
Recently Published
Colored Red Africa Blitz
by spor1
Geography
30s
Find the 'City' Movie
by crazypaving
Movies
60s
5x2 Blitz: Bands
by SL_Kpop136
Music
30s
More to Explore
Quiz From the Vault
Featured Blog Post
14 Easter Pick-up Lines to Find Eggs With
hide this ad
You Might Also Like...
Tags
classic
Edition
hair
hit
metal
Today's Top Quizzes in Music
Browse Music
hide this ad
Today's Top Quizzes in hair
Browse hair
Top Contributed Quizzes in Music
1
5X2 Blitz: Bands II
2
Taylor Swift All Songs (2024)
3
Taylor Swift Logic Puzzle II
4
5X2 Blitz: The Beatles
5
5X2 Blitz: Billboard
6
Taylor Swift Logic Puzzle
7
5X2 Blitz: Billboard II
8
5X2 Blitz: Album
9
5X2 Blitz: Singers
10
Music Artist by Three 2010s hits
Explore More
Trending Topics
Crossword
Disney
Harry Potter
Kpop
NBA
Marvel
Anime
Puzzle
Pokémon
The Office
Country
Song
WWE
Soccer
NFL
hide this ad
More By:
Allday221
Quiz
Plays
Rating
Category
Featured
Created
The Presidential Zero Year Curse
3,350
4.28
History
Sep 22, 2010
President JFK Assassination Trivia
2,329
4.07
History
Sep 24, 2010
President Lincoln Assassination Trivia
1,799
4.00
History
Sep 24, 2010
Guess the Lyrics Hair Metal Edition
548
3.00
Music
Oct 7, 2010
Defeated VP Candidates 1960-2008
307
4.67
History
Oct 12, 2010
Go to Creator's Profile
Score Distribution
Quiz Creator Spotlight
Allday221
Follow
Send a Message
Quizzes Created
-
Created Quiz Play Count
-
More By This Creator
Popular Quizzes Today
1
Find the 'City' Movie
2
Colored Red Africa Blitz
3
Find the US States - No Outlines Minefield
4
5x2 Blitz: Bands
5
The Countries of the World
6
Find the US States
7
US States
8
9x9 Crossword: Cartoon Network
More Music Quizzes
Party Song Title Match-Up
Published
Trending Quizzes
Colored Red Europe Blitz I
Colored Red Africa Blitz II
Colored Red Europe Blitz II
Colored Red Africa Blitz III
Colored Red Europe Blitz III
Recently Updated
2024 March Madness Bracket
pecheneg
Famous TV Couples
Peacemaker
Champions League XIs: Real Madrid
pecheneg
Largest US Cities 1790-2010
pecheneg
Rides in Walt Disney World
pecheneg
Most Oscar Losses (Acting)
pecheneg
Beyoncé Albums
pecheneg
Leaping Animals
pecheneg
Reality TV Shows (A-Z)
bhenderson79
Rickey Henderson's Hall of Fame Teammates
pecheneg
Trending Topics
Marvel
Harry Potter
Disney
Crossword
Anime
Kpop
NBA
Country
NFL
Soccer
WWE
Puzzle
Pokémon
The Office
Song
Your Account Isn't Verified!
In order to create a playlist on Sporcle, you need to verify the email address you used during registration. Go to your
Sporcle Settings
to finish the process.
Report this User
Report this user for behavior that violates our
Community Guidelines
.
Details:
Send Report
Go to the Sporcle.com Mobile Site →
Comments